Geometría integral de figuras ilimitadas /
Guardado en:
| Autor Principal: | |
|---|---|
| Formato: | Libro |
| Idioma: | Spanish |
| Publicado: |
Rosario :
Facultad de Ciencias Matemáticas, etc. de la Universidad Nacional del Litoral,
1939.
|
| Series: | Publicaciones del Instituto de Matemáticas ;
v. I, no. 2 |
| Etiquetas: |
Agregar Etiqueta
Sin Etiquetas, Sea el primero en etiquetar este registro!
|
| LEADER | 00585nam a22001455a 4500 | ||
|---|---|---|---|
| 001 | MAT.inmabb001553 | ||
| 008 | 031124s1939####ag############000#0#spa#d | ||
| 005 | 20170818170742.0 | ||
| 245 | 1 | 0 | |a Geometría integral de figuras ilimitadas / |c por L. A. Santaló. |
| 260 | |a Rosario : |b Facultad de Ciencias Matemáticas, etc. de la Universidad Nacional del Litoral, |c 1939. | ||
| 300 | |a 58 p. ; |c 26 cm. | ||
| 440 | 0 | |a Publicaciones del Instituto de Matemáticas ; |v v. I, no. 2 | |
| 100 | 1 | |a Santaló, Luis A. |q (Luis Antonio), |d 1911-2001. | |
| 084 | |a 51-XX |2 msc2000 | ||
| 859 | |h 51 |i Sa232g |p A-1917 |b BIB. MATEMATICA | ||
